LIBRARY & INFORMATION CENTRE, KCAET, TAVANUR

ONLINE PUBLIC ACCESS CATALOGUE (OPAC)

Normal view MARC view
  • John, F.L.D

Entry Personal Name

Number of records used in: 1

001 - CONTROL NUMBER

  • control field: 3270

003 - CONTROL NUMBER IDENTIFIER

  • control field: OSt

005 - DATE AND TIME OF LATEST TRANSACTION

  • control field: 20180814155737.0

008 - FIXED-LENGTH DATA ELEMENTS

  • fixed length control field: 180814|| aca||aabn | a|a d

040 ## - CATALOGING SOURCE

  • Original cataloging agency: OSt
  • Transcribing agency: OSt

100 ## - HEADING--PERSONAL NAME

  • Personal name: John, F.L.D

670 ## - SOURCE DATA FOUND

  • Source citation: Work cat.: (OSt): John, F.L.D, Quantities & estimating for building technicians, 1958
free website counter